000 00337nam a2200133Ia 4500
008 240624s9999 xx 000 0 und d
041 _aeng
082 _a658.15 MIS
100 _aMISLICK GREGORY K
245 _aCOST ESTIMATION METHODS AND TOOLS
260 _c2015
_aNew Jersey
_bWiley
300 _axxv, 311 p.; 23 cm.
365 _c
_b28
999 _c30281
_d30281